Statistics for wwe finishers

Click here to take the quiz!

General Stats

  • This quiz has been taken 103 times
  • The average score is 14 of 18

Answer Stats

FinisherAnswer% Correct
01spearroman reigns
94%
07f-5brock lesnar
92%
011angle slamkurt angle
92%
06styles clashAj styles
91%
02dirty deedsdean ambrose
91%
09rkoRandy orton
91%
010skull crushing finalethe miz
91%
08AAjohn cena
89%
03curb stompseth rollins
89%
05coup de gracefinn balor
88%
012brouge kicksheamus
86%
013ko punchbig show
81%
014running power slambraun strowman
80%
04triple power bombShield
78%
017tombstone pile driverUNDERTAKER
72%
016chokeslamkane
70%
018frog splashrob van dam
36%
015coquina clutchsamoe joe
11%

Score Distribution

Percentile by Number Answered

Percent of People with Each Score

Your Score History

You have not taken this quiz